=LDR 00000nam 2200000 4500 =001 NUTBA000000000004342 =005 20140911110858.0 =006 =007 =008 =020 ##$$a 979-936-807-6 =035 ##$$a 0010-091400000000375 =040 ##$$a NBPDMAT =082 ##$$a 633.88 =084 ##$$a 633.88 Eko t =100 ##$$a Eko Susilowati =245 ##$$a Toga : tanaman obat keluarga / $c Eko Susilowati =250 ##$$a Cet. 1 =260 ##$$a Jakarta : $b Sinar Cemerlang Abadi, $c 2010 =300 ##$$a viii, 72 hlm. : $b ilus. ; $c 21 cm. =500 ##$$a Bibliografi : hlm. 72 =650 ##$$a Tanaman Obat =990 ##$$a 21410782